000 00530nam a2200193Ia 4500
005 20230721095950.0
008 131103s9999 xx 000 0 und d
020 _a8187075384
_cRs.145
040 _aLoreto College
041 _aEnglish
082 _aF
_bCHA
245 2 _aA Treasury of Bangla Stories
_cEdited by Mridula Nath Chakraborty and Rani Ray
260 _aNew Delhi
_bSrishti
_c1999
300 _a215 p.
650 _aFiction in English
700 _aChakraborty,Mridula Nath;ed.
850 _aLCLIB
942 _cBK
999 _c16556
_d67035